| 000 | 01327cad a22001935a 4500 | ||
|---|---|---|---|
| 001 | L154878 | ||
| 008 | 120126e2012 xxk 000 0 eng d | ||
| 035 | _a(Sirsi) u154878 | ||
| 041 | 0 | _aeng | |
| 245 | 0 | 4 |
_aThe Secretary of State for Energy and Climate Change v Friends of the Earth and Others _h[electronic resource] |
| 260 | _c2012 | ||
| 520 | _a[2009] EWCA Civ 28, 25 January 2012. Government appealed against a High Court ruling that said it was unlawful for them to cut the Feed in Tariff Scheme (FiT) a subsidy that is paid to homeowners that sell electricity from their solar installation. Ministers had announced that the subsidy would be halved to 21p on 12 December 2011, 11 days before a consultation on the proposed cuts was due to end. "Held" Appeal dismissed. The Court of Appeal upheld the original ruling that the Department for Energy and Climate Change could not reduce the Feed-in Tariff subsidy paid to households and businesses. Following the High Court ruling, the government allowed the 43p tariff to remain in place until March 3 2012. | ||
| 590 | _aKA NTK | ||
| 651 | 4 |
_aEngland and Wales _y1543- |
|
| 690 |
_aEnergy _96237 |
||
| 690 |
_aSustainability _96271 |
||
| 856 | 4 | 0 |
_uhttps://www.bailii.org/ew/cases/EWCA/Civ/2012/28.html _zView the law report free of charge at www.bailii.org |
| 942 | _n0 | ||
| 999 |
_c83731 _d83731 |
||